000
00216nam a22001097a 4500
041
_a
ENG
245
_a
Nectar To Poison
260
_a
New Delhi
_b
CSE
_c
2008
300
_a
58
650
_a
SWCE
856
_u
SWCE ( 24 )
999
_c
1822
_d
1822